Top 10 Tottenham PL scorers - Statistics

General Stats
  • This quiz has been taken 432 times
  • The average score is 5 of 10
Answer Stats
Hint Answer % Correct
70 Kane
99%
91 Defoe
76%
91 Keane
67%
98 Sheringham
66%
42 Bale
63%
33 Ferdinand
40%
34 Anderton
32%
35 Adebayor
30%
48 Armstrong
28%
36 Iversen
25%
No matching quizzes found
Score Distribution
Percent of People with Each Score
Percentile by Number Answered
Your Score History
You have not taken this quiz